00257nam a2200085Ia 4500008004100000041000800041100002000049245006900069260003300138241105s9999 xx 000 0 und d aeng aKayande Kalyani aLandscape Design Proposal For Conservation Of Lonar Crater Lonar bM Arch Landscape, Punec2014